|
|
|
|
| LEADER |
00000nam0a2200000 4500 |
| 001 |
117479 |
| 005 |
20231031123804.0 |
| 010 |
|
|
|a 5939130526
|
| 035 |
|
|
|a (RuTPU)RU\TPU\book\127161
|
| 090 |
|
|
|a 117479
|
| 100 |
|
|
|a 20070604d2005 m y0rusy50 ca
|
| 101 |
0 |
|
|a rus
|
| 102 |
|
|
|a RU
|
| 105 |
|
|
|a y j 001zy
|
| 200 |
1 |
|
|a Библиографическая деятельность библиотеки: организация, технология, управление
|e учебник
|f Д. Я. Коготков
|g под ред. Г. В. Михеевой, О. П. Коршунова
|
| 210 |
|
|
|a СПб.
|c Профессия
|d 2005
|
| 215 |
|
|
|a 304 с.
|
| 225 |
1 |
|
|a Библиотека
|
| 320 |
|
|
|a Список литературы: с. 294-298
|
| 330 |
|
|
|a В учебнике освещены общие и частные (кроме отраслевых) организационно-технологические проблемы, касающиеся всех основных направлений практической библиографической деятельности, вопросы библиографического обучения работников библиотек и читателей, а также административно-управленческого и научно-методического руководства библиографической деятельностью библиотеки. Учебник предназначен для студентов университетов, академий и институтов культуры, изучающих дисциплину "Библиографическая деятельность библиотеки: организация, технология, управление", а также будет полезен руководителям библиотечных коллективов и практическим работникам.
|
| 610 |
1 |
|
|a библиотеки
|
| 610 |
1 |
|
|a библиотечное дело
|
| 610 |
1 |
|
|a библиографии
|
| 610 |
1 |
|
|a библиографическая деятельность
|
| 610 |
1 |
|
|a организации
|
| 610 |
1 |
|
|a управление
|
| 610 |
1 |
|
|a технологии
|
| 610 |
1 |
|
|a библиографическая информация
|
| 610 |
1 |
|
|a информационные потребности
|
| 610 |
1 |
|
|a СБА
|
| 610 |
1 |
|
|a справочно-библиографический аппарат
|
| 610 |
1 |
|
|a библиотечные каталоги
|
| 610 |
1 |
|
|a библиографические картотеки
|
| 610 |
1 |
|
|a библиографирование
|
| 610 |
1 |
|
|a библиографическое обслуживание
|
| 610 |
1 |
|
|a информационная культура
|
| 610 |
1 |
|
|a обучение
|
| 610 |
1 |
|
|a планирование
|
| 610 |
1 |
|
|a нормирование
|
| 610 |
1 |
|
|a учет
|
| 610 |
1 |
|
|a отчетность
|
| 610 |
1 |
|
|a методическая работа
|
| 610 |
1 |
|
|a учебники
|
| 686 |
|
|
|a Ч735.27я73
|v LBC/SL-A
|2 rubbk
|
| 700 |
|
1 |
|a Коготков
|b Д. Я.
|g Дмитрий Яковлевич
|
| 702 |
|
1 |
|a Михеева
|b Г. В.
|4 340
|
| 702 |
|
1 |
|a Коршунов
|b О. П.
|4 340
|
| 801 |
|
1 |
|a RU
|b 63413507
|c 20070604
|g PSBO
|
| 801 |
|
2 |
|a RU
|b 63413507
|c 20120710
|g PSBO
|
| 942 |
|
|
|c BK
|
| 959 |
|
|
|a 46/20070529
|d 1
|e 143,00
|f НМО:1
|